Popularne albumy rap/trap tygodnia 09-15.04 - Statystyki

Ogólne statystyki
  • Ten quiz został rozwiązany 11 razy
  • Średni wynik to 11 z 15
Statystyki odpowiedzi
Wykonawca Data wydania Album % Poprawnych
Mata 17 stycznia 2020 100 dni do matury
100%
Białas 5 sierpnia 2020 H8M5
82%
SB Maffija 8 czerwca 2020 Hotel Maffija
82%
Bedoes & Lanek 29 listopada 2019 Opowieści z Doliny Smoków
82%
Bedoes & Lanek 15 stycznia 2021 Rewolucja Romantyczna
82%
White 2115 31 sierpnia 2018 Rockstar
82%
White 2115 28 sierpnia 2020 Rockstar: Do Zachodu Słońca
82%
chillwagon 22 grudnia 2020 Chillwagon 2.0
73%
Kabe 20 listopada 2020 Mowgli
73%
Quebonafide 1 kwietnia 2020 Romantic Psycho
73%
Guzior 4 grudnia 2020 PLEŚŃ
64%
Kizo 23 października 2020 Posejdon
64%
PRO8L3M 30 marca 2021 Fight Club
55%
Żabson 1 lutego 2021 Ziomalski Mixtape
55%
Sobel 25 czerwca 2020 Kontrast
45%
Nie znaleziono quizów pasujących do podanych kryteriów
Rozkład punktacji
Procent ludzi z każdym wynikiem
Percentyl według liczby udzielonych odpowiedzi
Twoja historia wyników
Nie rozwiązałeś tego quizu